000 00691nam a2200241 i 4500
001 C2-0086537
003 PPAK
005 20180727091047.0
008 970503s1990 my a|||| ||||| | may d
020 _a9676514586
040 _aPPAK
_beng
_cPPAK
_erda
082 0 4 _a371.30281
_223
090 0 0 _a371.30281
_bMOH
_dG
100 0 _aMohd. Yunus Noor,
_eauthor
245 1 0 _aPsikologi dan teknik belajar yang berkesan
264 1 _aPetaling Jaya, Selangor :
_bFajar Bakti ,
_c1990
300 _avi, 187 pages :
_billustrations ;
_c22 cm
336 _2rdacontent
_atext
337 _2rdamedia
_aunmediated
338 _2rdacarrier
_avolume
650 1 0 _aStudy, method of.
942 _ddc
_cB
999 _c17765
_d17765